¿Un plumífero plagiario? (Record no. 182418)

MARC details
000 -LEADER
campo de control de longitud fija 01150nam a2200217 i 4500
001 - NÚMERO DE CONTROL
campo de control 182418
003 - IDENTIFICADOR DE NÚMERO DE CONTROL
campo de control ES-MaACL
005 - FECHA Y HORA DE LA ÚLTIMA TRANSACCIÓN
campo de control 20250902235301.0
008 - DATOS DE LONGITUD FIJA--INFORMACIÓN GENERAL
campo de control de longitud fija 130813s1991 sp |||| | spa d
100 0# - ENTRADA PRINCIPAL--NOMBRE DE PERSONA
Nombre de persona Fernández Ordóñez, José A.
9 (RLIN) 49969
245 14 - MENCIÓN DEL TÍTULO
Título ¿Un plumífero plagiario?
Resto del título : publicado en la Revista de Obras Públicas, abril de 1991, pp. 19-32 /
Mención de responsabilidad, etc. Jose A. Fernández Ordóñez y David Fernández Ordóñez ; Comentarios por Ángel del Campo, José A. García-Diego... [et al.] ; contestación de Jose A. Fernández Ordóñez y David Fernández Ordóñez ; publicado en la Revista de Obras Públicas, noviembre de 1991, pp. 43-53.
260 ## - PUBLICACIÓN, DISTRIBUCIÓN, ETC.
Lugar de publicación, distribución, etc. [Madrid :
Nombre del editor, distribuidor, etc. Revista de Obras Públicas,
Fecha de publicación, distribución, etc. 1991?]
300 ## - DESCRIPCIÓN FÍSICA
Extensión P. 19-32, 43-53 :
Otras características físicas il. ;
Dimensiones 27 cm.
595 ## -
-- Separata de: Revista de Obras Públicas, abril (p. 19-32) y noviembre (p. 43-53) de 1991.
600 14 - PUNTO DE ACCESO ADICIONAL DE MATERIA--NOMBRE DE PERSONA
Nombre de persona Lastanosa, Pedro Juan de.
9 (RLIN) 149116
650 04 - PUNTO DE ACCESO ADICIONAL DE MATERIA--TÉRMINO DE MATERIA
Término de materia o nombre geográfico como elemento de entrada Ingeniería mecánica-
Subdivisión de forma Obras anteriores a 1800
9 (RLIN) 13779
700 1# - ENTRADA AGREGADA--NOMBRE PERSONAL
Nombre de persona Fernández Ordoñez, David.
9 (RLIN) 153230
700 1# - ENTRADA AGREGADA--NOMBRE PERSONAL
Nombre de persona Campo y Francés, Angel del.
9 (RLIN) 151640
852 ## - LOCALIZACIÓN
Ubicación ES-MaACL
Número de control de estantería 2324-F-1
Holdings
Estatus retirado Estado de pérdida Estado de daño No para préstamo Colección Biblioteca de origen Biblioteca actual Ubicación en estantería Fecha de adquisición Fuente de adquisición Total de préstamos Signatura topográfica completa Código de barras Visto por última vez Precio de reemplazo Tipo de ítem Koha
        Colección de folletos Biblioteca del Ateneo de Madrid Biblioteca del Ateneo de Madrid Depósito folletos 13/08/2013     2324-F-1 1191697 23/02/2023 23/02/2023 Folleto